| 000 | 00818nam a2200229 i 4500 | ||
|---|---|---|---|
| 001 | 24819 | ||
| 003 | ES-MaACL | ||
| 005 | 20250725232309.0 | ||
| 007 | t| | ||
| 008 | 021219s1978 sp |||| | spa d | ||
| 245 | 0 | 0 |
_aAntología de la poesía española _b: lírica de tipo tradicional / _cDámaso Alonso y José Manuel Blecua. |
| 250 | _a2ª ed. corr. | ||
| 260 |
_aMadrid : _bGredos, _c[1978] |
||
| 300 |
_aLXXXVI, 265 p. ; _c19 cm. |
||
| 490 | 1 |
_aBiblioteca románica hispánica. VI. Antología hispánica ; _v3 |
|
| 650 | 7 |
_aPoesías líricas españolas _2embne _9153683 |
|
| 700 | 1 |
_aAlonso, Dámaso, _d1898-1990 _920195 |
|
| 700 | 1 |
_aBlecua, José Manuel. _929459 |
|
| 830 | 0 |
_aBiblioteca románica hispánica. VI. Antología hispánica ; _v3 _9180838 |
|
| 852 |
_aES-MaACL _jA-9326 |
||
| 999 |
_c24819 _d24819 |
||